<?xml version="1.0" encoding="UTF-8"?>
<record
    xmlns:xsi="http://www.w3.org/2001/XMLSchema-instance"
    xsi:schemaLocation="http://www.loc.gov/MARC21/slim http://www.loc.gov/standards/marcxml/schema/MARC21slim.xsd"
    xmlns="http://www.loc.gov/MARC21/slim">

  <leader>00967cam7a220025300 4500</leader>
  <controlfield tag="001">qcf00001905</controlfield>
  <controlfield tag="005">20190816092110.0</controlfield>
  <controlfield tag="008">720628s1960    fr ach   b    000 0bfre c</controlfield>
  <datafield tag="010" ind1=" " ind2=" ">
    <subfield code="a">a  61005552</subfield>
  </datafield>
  <datafield tag="035" ind1=" " ind2=" ">
    <subfield code="a">(Sirsi) r124331</subfield>
  </datafield>
  <datafield tag="035" ind1=" " ind2=" ">
    <subfield code="a">(QCAT)lss00242322</subfield>
  </datafield>
  <datafield tag="035" ind1=" " ind2=" ">
    <subfield code="a">(UPRA)qcf00001905</subfield>
  </datafield>
  <datafield tag="040" ind1=" " ind2=" ">
    <subfield code="d">UPRA</subfield>
  </datafield>
  <datafield tag="100" ind1="1" ind2=" ">
    <subfield code="a">Etiemble, 1909-</subfield>
    <subfield code="d">Etiemble, 1909-</subfield>
    <subfield code="6">A88930.1</subfield>
  </datafield>
  <datafield tag="245" ind1="1" ind2="0">
    <subfield code="a">Supervielle.</subfield>
  </datafield>
  <datafield tag="260" ind1=" " ind2=" ">
    <subfield code="a">[Paris] :</subfield>
    <subfield code="b">Gallimard,</subfield>
    <subfield code="c">[1960]</subfield>
  </datafield>
  <datafield tag="490" ind1="0" ind2=" ">
    <subfield code="a">La Bibliotheque ideale</subfield>
    <subfield code="6">S13898.1</subfield>
  </datafield>
  <datafield tag="500" ind1=" " ind2=" ">
    <subfield code="a">Includes selections and quotations from Supervielle's works.</subfield>
  </datafield>
  <datafield tag="504" ind1=" " ind2=" ">
    <subfield code="a">"Bibliographie": p. [293]-307. "Iconographie": p. [308]-309. "Musicographie": p. [310]-311. "Phonographie": p. [312]-315.</subfield>
  </datafield>
  <datafield tag="600" ind1="1" ind2="0">
    <subfield code="a">Supervielle, Jules, 1884-1960.</subfield>
    <subfield code="d">Supervielle, Jules, 1884-1960.</subfield>
    <subfield code="6">S66133.1</subfield>
  </datafield>
  <datafield tag="700" ind1="1" ind2=" ">
    <subfield code="a">Supervielle, Jules, 1884-1960.</subfield>
    <subfield code="d">Supervielle, Jules, 1884-1960.</subfield>
    <subfield code="6">A44343.1</subfield>
  </datafield>
  <datafield tag="949" ind1=" " ind2=" ">
    <subfield code="a">PQ2637.U6</subfield>
    <subfield code="w">lcc</subfield>
    <subfield code="i">-178579</subfield>
    <subfield code="m">MAIN</subfield>
    <subfield code="t">BOOK</subfield>
    <subfield code="l">ON-SHELF</subfield>
  </datafield>
  <controlfield tag="004">124331</controlfield>
  <datafield tag="999" ind1=" " ind2=" ">
    <subfield code="c">81909</subfield>
    <subfield code="d">81909</subfield>
  </datafield>
</record>
